Učme sa učiť kolegov
Vzdelávacia technika známa vo svete ako benchlearning. Vzdelávanie zamestnancov vo vlastnej réžii podniku. Každý môže byť lektorom. Podpora zlepšovateľstva. Využívanie tejto metódy najmä v severských krajinách.
Salvato in:
| Autore principale: | |
|---|---|
| Natura: | Capitolo di libro |
| Lingua: | slovacco |
| Soggetti: | |
| Tags: |
Nessun Tag, puoi essere il primo ad aggiungerne!!
|
MARC
| LEADER | 00000naa$a2200000$$$4500 | ||
|---|---|---|---|
| 001 | 0069126 | ||
| 005 | 20231009072422.0 | ||
| 041 | 0 | |a slo | |
| 044 | |a SK | ||
| 245 | 1 | 0 | |a Učme sa učiť kolegov |c Katarína Pokojná |
| 520 | |a Vzdelávacia technika známa vo svete ako benchlearning. Vzdelávanie zamestnancov vo vlastnej réžii podniku. Každý môže byť lektorom. Podpora zlepšovateľstva. Využívanie tejto metódy najmä v severských krajinách. | ||
| 610 | 2 | 0 | |a vzdelávanie dospelých |
| 610 | 2 | 0 | |a vzdelávanie celoživotné |
| 610 | 2 | 0 | |a pracovisko |
| 610 | 2 | 0 | |a pracovníci |
| 610 | 2 | 0 | |a komunikácia |
| 610 | 2 | 0 | |a schopnosti pracovné |
| 100 | 1 | |a Pokojná, Katarína | |